000 00979cam2a220027700 4500
001 lce00994782
008 740418s1972 enk b 001 0 eng d
010 _z 72172222
010 _acn 74100346
015 _aC74-100346-5
020 _a0902145738
035 _a(Sirsi) r124829
035 _a(DLC)cn 74100346
035 _a(UPRA)lce00994782
040 _aCaOONL
_beng
_cCaOONL
043 _ae-uk---
045 _ax6x7
100 1 _aSchmidt, Michael, 1947-
_dSchmidt, Michael, 1947-
_6A93010.1
245 1 0 _aBritish poetry since 1960 :
_ba critical survey /
_cedited by Michael Schmidt and Grevel Lindop.
260 _aOxford, [Eng.] :
_bCarcanet Press,
_c1972.
500 _aIncludes index.
504 _a"Bibliography, taken from the catalogue of the Arts Council Poetry Library", compiled by B. Atkinson: p. [260]-284.
700 1 _aLindop, Grevel, 1948-
_dLindop, Grevel, 1948-
_6A93011.1
949 _aPR603
_wlcc
_i-179283
_mMAIN
_tBOOK
_lON-SHELF
004 124829
999 _c84392
_d84392